Visualizzazione normale
Vista MARC
- AA.VV.
di Personal Name
Records bibliografici associati: 1
001 - CONTROL NUMBER
- control field: 31484
003 - CONTROL NUMBER IDENTIFIER
- control field: IT-RoPau
005 - DATE AND TIME OF LATEST TRANSACTION
- control field: 20140623171218.0
008 - FIXED-LENGTH DATA ELEMENTS
- fixed length control field: 140623|| aca||aabn | a|a d
040 ## - CATALOGING SOURCE
- Original cataloging agency: IT-RoPau
- Transcribing agency: IT-RoPau
100 ## - HEADING--PERSONAL NAME
- Personal name: AA.VV.
- Miscellaneous information: Codice autore testo/musica SPICS: 12000
- Relator term: Autore testo/musica
670 ## - SOURCE DATA FOUND
- Source citation: Work cat.: (IT-RoPau)99315: AA.VV. 794, Ella Fitzgerald. La nascita di una first lady